AUNTS AREN'T GENTLEMEN (Record no. 5007)
[ view plain ]
| 000 -LEADER | |
|---|---|
| fixed length control field | 00629nam a22001457a 4500 |
| 020 ## - INTERNATIONAL STANDARD BOOK NUMBER | |
| ISBN | 9780099513971 |
| 082 ## - DEWEY DECIMAL CLASSIFICATION NUMBER | |
| Classification number | 823 |
| Item number | WOD/A |
| 100 ## - MAIN ENTRY--AUTHOR NAME | |
| Personal name | WODEHOUSE |
| 245 ## - TITLE STATEMENT | |
| Title | AUNTS AREN'T GENTLEMEN |
| 260 ## - PUBLICATION, DISTRIBUTION, ETC. (IMPRINT) | |
| Place of publication | LONDON |
| Name of publisher | ARROW BOOKS |
| Year of publication | 2008 |
| 300 ## - PHYSICAL DESCRIPTION | |
| Number of Pages | 184 |
| 520 ## - SUMMARY, ETC. | |
| Summary, etc | In Aunt's Aren't Gentlemen, poor Bertie is driven to the countryside after seeing a doctor for his spots. The doctor orders some fresh air and clean living, but as usual, Bertie fails to follow the doctor's orders as he runs into an ex-flame, steals a cat, and has his life threatened by current lover of the ex-flame. |
| 650 ## - SUBJECT ADDED ENTRY--TOPICAL TERM | |
| Topical Term | NOVEL |
| Geographic subdivision | UNITED KINGDOM |
| 942 ## - ADDED ENTRY ELEMENTS (KOHA) | |
| Koha item type | Books |
| Withdrawn status | Lost status | Collection code | Home library | Current library | Shelving location | Date acquired | Source of acquisition | Cost, normal purchase price | Full call number | Accession Number | Koha item type |
|---|---|---|---|---|---|---|---|---|---|---|---|
| Fiction | Main Library | Main Library | SHELF 15B-U,V,W SECTION NOVELS& FICTION | 18/10/2018 | purchase | 295.00 | 823 WOD/A | 10295 | Books |